000 00901nas a2200265 4500
001 BR2018002073
003 BR-BrBNA
005 20231205131429.0
007 ta
008 230509b bl.|||p| |||| 00| 00por d
040 _aBR-BrBNA
_bpor
_cBiblioteca Nacional de Agricultura
041 _a(Pt)
072 _aM12
100 1 _aMartins, A.C.B.
100 1 _aRodrigues, M.A.
100 1 _aKinas, P.G.
245 1 _aModelagem de ocorrência e densidade de juvenis de Callinectes sapidus (Decapoda, Portunidae)em dois estuários do Rio Grande do Sul, com dados zero-inflacionados
650 _aSIRI
650 _aDISTRIBUIÇÃO GEOGRÁFICA
650 _aMODELO MATEMÁTICO
650 _aRIO GRANDE DO SUL
773 0 _tIheringia. Série Zoologia (Brazil)
_xISSN 0073-4721
_g(Jun 2014), v. 104(2) p. 125-133
_wBR2018002073
909 _a202311
_bLúcia
_c55
_dLúcia Elande
942 _2AGRIS
_n0
_cANA
999 _c254775
_d254775